00484 2200181 4500001002100000008004100021035002000062245006700082100002300149250000600172260003500178300001200213020002200225084001400247082000800261650001500269990001800284INLIS000000000000352 ind  a0010-0724000352 aCatata SuasanabTeknik mengintai untuk segala kebutuhancYulia aSukirnanto, Slamet a1 aJakarta :bBalai Pustakac2001 a80 hlm. a978-979-045-842-0 a803 SUK k a803 aKarya Umum aP29/CP/24/352